000
00208 a2200097 4500
001
26429
100
_a
245
_a
for ever young for ever healthy
260
_a
_b
Arco Publishing
_c
090
_c
17765
_d
17765
942
_a
NUST-CAE
_c
M
_c
8630
999
_c
261502
_d
261502